Integrirovannaja sistema upravlenija zagotoviteľnym proizvodstvom v mašinostrojenii /

Guardado en:
Detalles Bibliográficos
Autores principales: Galkin, M.F (Autor), Savčenko, T.K (Autor), Jurovskij, V.F (Autor)
Formato: Libro
Lenguaje:ruso
Publicado: Leningrad : Mašinostrojenije, 1982
Materias:
Etiquetas: Agregar Etiqueta
Sin Etiquetas, Sea el primero en etiquetar este registro!

MARC

LEADER 00000nam a22000003a 4500
001 stu36340
005 20150617225726.2
008 920602s1982----xxr-----------------rus-d
040 |a STU  |b slo 
041 0 |a rus 
044 |a xxr 
080 |a 658.512.4  |7 stu_us_auth*stu12571 
080 |a 621 
100 1 |a Galkin, M.F  |4 aut 
245 1 |a Integrirovannaja sistema upravlenija zagotoviteľnym proizvodstvom v mašinostrojenii /  |c [aut.]M.F. Galkin, T.K. Savčenko, V.F. Jurovskij 
260 |a Leningrad :  |b Mašinostrojenije,  |c 1982 
300 |a 191 s 
650 7 |a ASR  |2 stusub 
650 7 |a Systémy  |2 stusub 
650 7 |a automatizácia  |2 stusub 
650 7 |a riadenie výroby  |2 stusub 
700 1 |a Savčenko, T.K  |4 aut 
700 1 |a Jurovskij, V.F  |4 aut 
996 |b 284M061802  |c M*1038-1  |l MMKN  |s A  |a 24  |w stu36340_0001